Central Library OPAC University of Rajshahi

সাহিত্যে চিত্র-বৈচিত্র্য / (Record no. 38987)

MARC details
000 -LEADER
fixed length control field 00982nam a2200241 a 4500
001 - CONTROL NUMBER
control field 38987
003 - CONTROL NUMBER IDENTIFIER
rucl marc code BD-RjUL
005 - DATE AND TIME OF LATEST TRANSACTION
control field 20211209052908.0
008 - FIXED-LENGTH DATA ELEMENTS--GENERAL INFORMATION
fixed length control field 160324b bg |||| |||| 00| 0 ben d
020 ## - INTERNATIONAL STANDARD BOOK NUMBER
International Standard Book Number 9844614211
Terms of availability : TK. 250.00
035 ## - SYSTEM CONTROL NUMBER
System control number (BD-RjUL) 39097
040 ## - CATALOGING SOURCE
Original cataloging agency BD-RjUL
Language of cataloging ben
Transcribing agency BD-RjUL
041 ## - LANGUAGE CODE
Language code of text/sound track or separate title ben
082 ## - DEWEY DECIMAL CLASSIFICATION NUMBER
Edition number 23
Classification number 891.4409
Author mark and year HAS 2010
100 ## - MAIN ENTRY--PERSONAL NAME
Personal name হারুন-অর-রশীদ, মোঃ
9 (RLIN) 120357
245 ## - TITLE STATEMENT
Title সাহিত্যে চিত্র-বৈচিত্র্য /
Statement of responsibility, etc. মো.হারুন-অর-রশীদ
260 ## - PUBLICATION, DISTRIBUTION, ETC. (IMPRINT)
Place of publication, distribution, etc. ঢাকা :
Name of publisher, distributor, etc. গতিধারা,
Date of publication, distribution, etc. ২০১০
300 ## - PHYSICAL DESCRIPTION
Pagination ২২৩ পৃ. ;
Size ২২সেমি.
500 ## - GENERAL NOTE
General note তথ্যনির্দেশ ও তথ্যসূত্র সংযুক্ত
650 ## - SUBJECT ADDED ENTRY--TOPICAL TERM
Topical term or geographic name as entry element বাংলা সাহিত্য
General subdivision ইতিহাস ও সমালোচনা
9 (RLIN) 120358
Topical term or geographic name as entry element Bengali literature
General subdivision History and Criticism
9 (RLIN) 120359
942 ## - ADDED ENTRY ELEMENTS (KOHA)
Source of classification or shelving scheme Dewey Decimal Classification
Koha item type Books
Holdings
Lost status Source of classification or shelving scheme Damaged status Not for loan Collection code Permanent Location Current Location Shelving location Date acquired Source of acquisition Cost, normal purchase price Total Checkouts Full call number Date last seen Copy number Koha item type Date checked out
  Dewey Decimal Classification   Not For Loan Non-fiction Central Library, University of Rajshahi Central Library, University of Rajshahi Reading Room 10/12/2013 bengali dept.R.U 250.00   B 891.4409 HAS 2010 24/03/2016 C-1 Books  
  Dewey Decimal Classification     Non-fiction Central Library, University of Rajshahi Central Library, University of Rajshahi   10/12/2013 Bangla Department, RU 250.00   B 891.4409 HAS 2010 16/04/2016 C-2 Books  
  Dewey Decimal Classification     Non-fiction Central Library, University of Rajshahi Central Library, University of Rajshahi   10/12/2013 Bangla Department, RU 250.00   B 891.4409 HAS 2010 07/05/2016 C-3 Books  
  Dewey Decimal Classification     Non-fiction Central Library, University of Rajshahi Central Library, University of Rajshahi   10/12/2013 Bangla Department, RU 250.00   B 891.4409 HAS 2010 07/05/2016 C-4 Books  
  Dewey Decimal Classification     Non-fiction Central Library, University of Rajshahi Central Library, University of Rajshahi   10/12/2013 Bangla Department, RU 250.00 1 B 891.4409 HAS 2010 05/08/2018 C-5 Books 12/07/2018
  Dewey Decimal Classification     Non-fiction Central Library, University of Rajshahi Central Library, University of Rajshahi   22/04/2010 Author, Rajshahi 200.00 1 B 891.4409 HAS 2010 14/11/2016 C-6 Books 30/10/2016
  Dewey Decimal Classification     Non-fiction Central Library, University of Rajshahi Central Library, University of Rajshahi   22/04/2010 Author, Rajshahi 200.00   B 891.4409 HAS 2010 10/08/2016 C-7 Books  
  Dewey Decimal Classification     Non-fiction Central Library, University of Rajshahi Central Library, University of Rajshahi   22/04/2010 Author, Rajshahi 200.00   B 891.4409 HAS 2010 10/08/2016 C-8 Books  
  Dewey Decimal Classification     Non-fiction Central Library, University of Rajshahi Central Library, University of Rajshahi   22/04/2010 Author, Rajshahi 200.00   B 891.4409 HAS 2010 10/08/2016 C-9 Books  
  Dewey Decimal Classification     Non-fiction Central Library, University of Rajshahi Central Library, University of Rajshahi   22/04/2010 Author 200.00   B 891.4409 HAS 2010 09/03/2017 C-10 Books